| 000 | 00332nam a2200133Ia 4500 | ||
|---|---|---|---|
| 008 | 241014s9999||||xx |||||||||||||| ||und|| | ||
| 020 | _a978-0-12-381506-4 | ||
| 100 | _aHamer , Devidson | ||
| 245 | 0 | _aPublic health and Infectious Diseases | |
| 260 | _bElsevier | ||
| 300 | _a487.00 | ||
| 650 | _aPublic health | ||
| 942 |
_bSPH _cBK |
||
| 999 |
_c19194 _d19194 |
||